| 000 | 00826nam a2200277Ia 4500 | ||
|---|---|---|---|
| 003 | OSt | ||
| 005 | 20221006160259.0 | ||
| 006 | a|||||r|||| 00| 0 | ||
| 007 | ta | ||
| 008 | 221006b |||||||| |||| 00| 0 eng d | ||
| 020 |
_a9788991913448 _cW10,000 |
||
| 024 | _a44,808 | ||
| 037 |
_bgift, Window on Korea _cTextual |
||
| 040 |
_aEASL _cEASL _beng |
||
| 041 |
_2eng _aeng |
||
| 082 | _aO495,1x, P8 | ||
| 100 |
_aHill Seten _9672775 |
||
| 245 | 0 |
_aPoeams for planting love _b A collection of poems and artwork by children with disabilities |
|
| 260 |
_aSeoul _bSeoul Selection Korea _c2008 |
||
| 300 |
_a130p. _ccm. |
||
| 490 | _v KEL | ||
| 500 | _aBilingual - English - Korean | ||
| 650 | _aKEL | ||
| 942 |
_hO495,1x, P8 _cTEXL _2CC |
||
| 999 |
_c1112900 _d1112900 |
||